| 000 | 00507nam a2200169Ia 4500 | ||
|---|---|---|---|
| 999 |
_c11968 _d11968 |
||
| 003 | OSt | ||
| 005 | 20201014161927.0 | ||
| 008 | 190216s9999||||xx |||||||||||||| ||und|| | ||
| 040 | _coclc | ||
| 082 |
_a821.64 _bSCO/E |
||
| 100 |
_aScott, Macaulay _95057 |
||
| 245 | 0 |
_aEssays On Goldsmith / _cMacaulay Scott ; Thackeray |
|
| 260 |
_bOxford At The Clarendon Press, _c1946. _aNew delhi: |
||
| 300 | _a200p | ||
| 650 | _aEnglish Essay | ||
| 942 |
_cBK _2ddc _h821.64 _iSCO/E _k821.64 _mSCO/E |
||